Statistiken für Das ultimative PDC Darts Spitznamen Quiz

Klicken Sie hier um das Quiz zu spielen!

Allgemein

  • Dieses Quiz wurde 203 mal gespielt
  • Das Durchschnittsergebnis liegt bei 58 aus 113

Antwortstatistiken

DartsspielerSpitznameNationalität% Korrekt
Michael SmithBully BoyEngland
95%
Peter WrightSnakebiteSchottland
95%
Gerwyn PriceThe IcemanWales
95%
Gary AndersonThe Flying ScotsmanSchottland
89%
Gabriel ClemensThe German GiantDeutschland
89%
Michael van GerwenMighty MikeNiederlande
86%
Nathan AspinallThe AspEngland
86%
Jose de SousaThe Special OnePortugal
85%
Mervyn KingThe KingEngland
84%
Martin SchindlerThe WallDeutschland
83%
Rob CrossVoltageEngland
83%
Dave ChisnallChizzyEngland
82%
Jonny ClaytonThe FerretWales
82%
Dimitri Van den BerghThe DreammakerBelgien
81%
James WadeThe MachineEngland
81%
Peter HudsonThe RockEngland
81%
Joe CullenThe RockstarEngland
80%
Simon WhitlockThe WizardAustralien
80%
Adrian LewisJackpotEngland
79%
Krzysztof RatajskiThe Polish EaglePolen
78%
Max HoppMaximiserDeutschland
77%
Raymond van BarneveldBarneyNiederlande
76%
Luke HumphriesCool Hand LukeEngland
76%
Ian WhiteDiamondEngland
76%
Daryl GurneySuperchinNordirland
76%
Stephen BuntingThe BulletEngland
76%
Damon HetaThe HeatAustralien
76%
Mensur SuljovicThe GentleÖsterreich
75%
Ryan SearleHeavy MetalEngland
74%
Ricky EvansRapidEngland
74%
Brendan DolanThe History MakerNordirland
73%
Chris DobeyHollywoodEngland
71%
Devon PetersenThe African WarriorSüdafrika
68%
Kim HuybrechtsThe HurricaneBelgien
67%
Steve BeatonThe Bronzed AdonisEngland
65%
Danny NoppertThe FreezeNiederlande
65%
Glen DurrantDuzzaEngland
64%
Dirk van DuijvenbodeThe TitanNiederlande
62%
Andrew GildingGoldfingerEngland
59%
John HendersonHighlanderSchottland
59%
Jermaine WattimenaThe Machine GunNiederlande
59%
Callan RydzThe RiotEngland
59%
Ricardo PietreczkoPikachuDeutschland
57%
Vincent van der VoortThe Dutch DestroyerNiederlande
57%
Ross SmithSmudgerEngland
56%
Jeffrey De ZwaanThe Black CobraNiederlande
55%
Adam HuntThe HunterEngland
55%
Luke WoodhouseWoodyEngland
54%
Rowby-John RodriguezLittle JohnÖsterreich
53%
William O'ConnorThe MagpieIrland
51%
Martijn KleermakerThe Dutch GiantNiederlande
50%
Richie Burnett
Prince of Wales
Wales
49%
Lewy WilliamsPrince of WalesWales
49%
Ryan MeikleThe BarberEngland
49%
Richie EdhouseMadhouseEngland
46%
Ryan JoyceRelentlessEngland
46%
Ron MeulenkampThe BombNiederlande
46%
Danny BaggishThe GamblerUSA
46%
Darius LabanauskasLucky DLitauen
45%
Alan SoutarSootsSchottland
45%
Jeff SmithThe SilencerKanada
45%
William BorlandBig WillieSchottland
43%
Keane BarryDynamiteIrland
43%
Madars RazmaRazmatazzLettland
43%
Scott WaitesScotty 2 HottyEngland
43%
Darren WebsterThe Demolition ManEngland
43%
Keegan BrownThe NeedleEngland
43%
Steve WestSimplyEngland
42%
Jamie HughesYozzaEngland
42%
Ted EvettsSupertedEngland
41%
Mike De DeckerThe Real DealBelgien
41%
Michael UnterbuchnerT-RexDeutschland
40%
Bradley BrooksBam BamEngland
39%
Scott MitchellScotty DogEngland
39%
Andy BoultonX-FactorSchottland
39%
Jules van DongenDutch DragonNiederlande
38%
Boris KoltsovThe VikingRussland
38%
Mario VandenbogaerdeSupermarioBelgien
37%
John MichaelThe Deadly RoseGriechenland
37%
Berry van PeerBionicNiederlande
35%
Steve LennonScuba SteveIrland
35%
Zoran LerchbacherThe HypercaneÖsterreich
35%
George KillingtonThe KillerEngland
35%
Cameron MenziesCammySchottland
34%
Matt CampbellGinga NinjaKanada
34%
Joe MurnanShaggyEngland
34%
Jim WilliamsThe QuiffWales
34%
James WilsonJammie DodgerEngland
33%
Jimmy HendriksCaptainNiederlande
32%
Ross MontgomeryThe BossSchottland
32%
Boris KrcmarDum DumKroatien
31%
Geert De VosFoxyBelgien
31%
Danny JansenMenum PowerNiederlande
31%
Geert NentjesThe SweetNiederlande
31%
Vladimir AndersenValleDänemark
31%
Niels ZonneveldTriple ZNiederlande
30%
Eddie Lovely
Steadie Eddy
England
29%
Martin LukemanSmashEngland
29%
Gordon MathersGGAustralien
28%
Krzystof KciukThe ThumbPolen
28%
Mickey MansellClonoe CycloneNordirland
26%
John O'SheaThe JokerIrland
23%
Jose JusticiaThe JokerSpanien
23%
Nathan RaffertyThe NaturalNordirland
20%
Radek SzaganskiHarp BoyPolen
18%
Connor ScuttThe SniperEngland
18%
Kevin BurnessIron ManNordirland
17%
Jason HeaverTsunamiEngland
17%
Brian RamanThe RiddlerBelgien
16%
Jon WorsleyWombleWales
16%
Nick FullwellHeroEngland
15%
Brett ClaydonShredderEngland
14%
David EvansStretchEngland
14%

Verteilung der Resultate

Perzentil nach korrekt beantworteten Fragen

Anzahl Personen mit jedem Resultat

Ihre Resultats-Entwicklung

Sie haben dieses Quiz noch nicht gespielt